Vplyv pracovných podmienok na výkon zamestnancov bakalárska práca

Na minha lista:
Detalhes bibliográficos
Autor principal: Zemčák, Dávid
Autor Corporativo: Fakulta podnikového manažmentu EU. Katedra manažmentu
Outros Autores: Kováčiková, Kristína
Formato: Livro
Idioma:eslovaco
Publicado em: Bratislava 2018
Tags: Adicionar Tag
Sem tags, seja o primeiro a adicionar uma tag!

MARC

LEADER 00000nbm a2200000 4500
001 0244841
005 20180918145058.5
041 0 |a slo 
044 |a SK 
245 1 0 |a Vplyv pracovných podmienok na výkon zamestnancov  |b bakalárska práca  |c Dávid Zemčák ; školiteľ: Kristína Kováčiková 
264 1 |a Bratislava  |c 2018 
300 |a 44 s. 
100 1 |a Zemčák, Dávid 
700 1 |a Kováčiková, Kristína 
710 2 |a Fakulta podnikového manažmentu EU. Katedra manažmentu